LEADER 04560nam 22007575 450 001 996465331503316 005 20200706150933.0 010 $a3-642-32584-X 024 7 $a10.1007/978-3-642-32584-7 035 $a(CKB)3400000000085732 035 $a(SSID)ssj0000745899 035 $a(PQKBManifestationID)11446055 035 $a(PQKBTitleCode)TC0000745899 035 $a(PQKBWorkID)10859652 035 $a(PQKB)11001262 035 $a(DE-He213)978-3-642-32584-7 035 $a(MiAaPQ)EBC3070791 035 $a(PPN)168322161 035 $a(EXLCZ)993400000000085732 100 $a20120828d2012 u| 0 101 0 $aeng 135 $aurnn#008mamaa 181 $ctxt 182 $cc 183 $acr 200 10$aData Warehousing and Knowledge Discovery$b[electronic resource] $e14th International Conference, DaWaK 2012, Vienna, Austria, September 3-6, 2012, Proceedings /$fedited by Alfredo Cuzzocrea, Umeshwar Dayal 205 $a1st ed. 2012. 210 1$aBerlin, Heidelberg :$cSpringer Berlin Heidelberg :$cImprint: Springer,$d2012. 215 $a1 online resource (XIII, 454 p. 198 illus.) 225 1 $aInformation Systems and Applications, incl. Internet/Web, and HCI ;$v7448 300 $aBibliographic Level Mode of Issuance: Monograph 311 $a3-642-32583-1 320 $aIncludes bibliographical references and index. 327 $aData Warehouse Design Methodologies -- ETL Methodologies and Tools -- Multidimensional Data Processing and Management -- Data Warehouse and OLAP Extensions -- Data Warehouse Performance and Optimization -- Data-Mining and Knowledge-Discovery Techniques -- Data-Mining and Knowledge-Discovery Applications -- Pattern Mining -- Data Stream Mining -- Data Warehouse Confidentiality and Security -- Distributed Paradigms and Algorithms. 330 $aThis book constitutes the refereed proceedings of the 14th International Conference on Data Warehousing and Knowledge Discovery, DaWaK 2012 held in Vienna, Austria, in September 2012. The 36 revised full papers presented were carefully reviewed and selected from 99 submissions. The papers are organized in topical sections on data warehouse design methodologies, ETL methodologies and tools, multidimensional data processing and management, data warehouse and OLAP extensions, data warehouse performance and optimization, data mining and knowledge discovery techniques, data mining and knowledge discovery applications, pattern mining, data stream mining, data warehouse confidentiality and security, and distributed paradigms and algorithms. 410 0$aInformation Systems and Applications, incl. Internet/Web, and HCI ;$v7448 606 $aDatabase management 606 $aData mining 606 $aInformation storage and retrieval 606 $aApplication software 606 $aUser interfaces (Computer systems) 606 $aDatabase Management$3https://scigraph.springernature.com/ontologies/product-market-codes/I18024 606 $aData Mining and Knowledge Discovery$3https://scigraph.springernature.com/ontologies/product-market-codes/I18030 606 $aInformation Storage and Retrieval$3https://scigraph.springernature.com/ontologies/product-market-codes/I18032 606 $aInformation Systems Applications (incl. Internet)$3https://scigraph.springernature.com/ontologies/product-market-codes/I18040 606 $aComputer Appl. in Administrative Data Processing$3https://scigraph.springernature.com/ontologies/product-market-codes/I2301X 606 $aUser Interfaces and Human Computer Interaction$3https://scigraph.springernature.com/ontologies/product-market-codes/I18067 608 $aConference proceedings.$2fast 615 0$aDatabase management. 615 0$aData mining. 615 0$aInformation storage and retrieval. 615 0$aApplication software. 615 0$aUser interfaces (Computer systems). 615 14$aDatabase Management. 615 24$aData Mining and Knowledge Discovery. 615 24$aInformation Storage and Retrieval. 615 24$aInformation Systems Applications (incl. Internet). 615 24$aComputer Appl. in Administrative Data Processing. 615 24$aUser Interfaces and Human Computer Interaction. 676 $a005.74 702 $aCuzzocrea$b Alfredo$4edt$4http://id.loc.gov/vocabulary/relators/edt 702 $aDayal$b Umeshwar$4edt$4http://id.loc.gov/vocabulary/relators/edt 906 $aBOOK 912 $a996465331503316 996 $aData Warehousing and Knowledge Discovery$9772048 997 $aUNISA